| 000 | 00400nam a2200133Ia 4500 | ||
|---|---|---|---|
| 008 | 231129s2004||||xx |||||||||||||| ||spa|| | ||
| 020 | _a958335833-9 | ||
| 040 | _bspa | ||
| 082 | _a618.2 ó14ó | ||
| 245 | 0 | _aObstetricia y Ginecología: Texto integrado | |
| 260 | _c2004 | ||
| 264 | _aMedellín Colombia : Universidad de Antioquía | ||
| 942 |
_2ddc _cBKS |
||
| 999 |
_c22034 _d22034 |
||